00633nam a2200205Ia 450000500170000000800410001702000180005804000180007604100080009408200180010210000170012024500600013725000120019726000490020930000240025865000380028265000340032065000290035465000440038320220606114127.0210716s2009 xx 000 0 und d a9788180546952 cAIMIT LIBRARY aeng a658 27bPRAL aPrasad, L M. aPrinciples and practice of management /cBy L M Prasad. a7th ed. aNew Delhi :bSulthan Chand and Sons ,c2009. axx, 884p. ;c24 cm. aDevelopment of management thought aManagement process and skills aManagers and environment aSocial and ethical issues in management